| 000 | 00765nam a2200181 a 4500 | ||
|---|---|---|---|
| 008 | 120416s1963 ||||||||||||||||| || u | ||
| 050 | _aHD 69.P7 Fed | ||
| 110 | _aFederal Electric Corporation | ||
| 245 | 1 | 2 | _aA Programmed introduction to PERT |
| 246 | _aprogram evaluation and review technique | ||
| 260 |
_aNew York _bJohn Wiley and Sons _c1963 |
||
| 300 | _ax, 145p. : ill. | ||
| 350 | _a0.00 | ||
| 650 | 0 | _aMANAGEMENT | |
| 650 | _aPROGRAMME EVALUATION | ||
| 995 |
_aBINDERY (DAMAGED) _D0.00 _e706346 _FCBU-MAIN LIBRARY (Kitwe) _H2 _I0.00 _jHD 69.P7 Fed _M1 _UDAMAGED _y004616 _ZMain Library Open Access Collection |
||
| 995 |
_aBINDERY (DAMAGED) _D0.00 _e706347 _FCBU-MAIN LIBRARY (Kitwe) _H1 _I0.00 _jHD 69.P7 Fed _M1 _UDAMAGED _y004615 _ZMain Library Open Access Collection |
||
| 999 |
_c77261 _d77261 |
||